Strategické myšlení.
Základy strategického myslenia. Princípy strategického myslenia: princíp myslenia vo variantoch, princíp permanentnosti, princíp celosvetového systému myslenia, princíp interdisciplinárneho myslenia, tvorivého spôsobu myslenia, syntézy exaktného a intuitívneho myslenia, myslenia v čase, spätnoväzbov...
Salvato in:
| Autore principale: | |
|---|---|
| Natura: | Capitolo di libro |
| Lingua: | ceco |
| Soggetti: | |
| Tags: |
Nessun Tag, puoi essere il primo ad aggiungerne!!
|
MARC
| LEADER | 00000naa a2200000 4500 | ||
|---|---|---|---|
| 001 | r010044 | ||
| 005 | 20220831083344.6 | ||
| 041 | 0 | |a cze | |
| 044 | |a [CS] | ||
| 245 | 1 | 0 | |a Strategické myšlení. |c S. Procházka |
| 520 | |a Základy strategického myslenia. Princípy strategického myslenia: princíp myslenia vo variantoch, princíp permanentnosti, princíp celosvetového systému myslenia, princíp interdisciplinárneho myslenia, tvorivého spôsobu myslenia, syntézy exaktného a intuitívneho myslenia, myslenia v čase, spätnoväzbového myslenia, agregovaného myslenia, princíp orientácie na špičkové výsledky, princíp koncentrácie, etiky myslenia a princíp vedomia práce s rizikom. | ||
| 610 | 2 | 0 | |a stratégia podniková |
| 610 | 2 | 0 | |a podnikanie |
| 610 | 2 | 0 | |a hospodárstvo trhové |
| 610 | 2 | 0 | |a teórie ekonomické |
| 610 | 2 | 0 | |a princíp ekonomický |
| 100 | 1 | |a Procházka, S. | |